000 00591nam a2200241 a 4500
001 nice12345678
003 IN_TiNIC
005 20260116012907.0
008 050524s1982 inda grp 000 0 eng
020 _a0960844
_c100
082 0 0 _a231
_bELD
100 _aElder, John
245 _aBelief in God in the 20th Century.
260 _aIndiana
_bRuth R. Elder
_c1982
300 _a70p
500 _aincludes index and biblioraphy
505 2 _aBibliography
650 _aGod-Biblical Teaching
700 1 _aElder, John
902 _bSRS
942 _cBK
999 _c8788
_d8788